The Year book of orthopedics and traumatic surgery / (Record no. 10123)
[ view plain ]
| 000 -LEADER | |
|---|---|
| fixed length control field | 00638nam a22002052 4500 |
| 001 - CONTROL NUMBER | |
| control field | 0000024011 |
| 005 - DATE AND TIME OF LATEST TRANSACTION | |
| control field | 20151217152254.0 |
| 008 - FIXED-LENGTH DATA ELEMENTS--GENERAL INFORMATION | |
| fixed length control field | 130425s xx 000 0 eng d |
| 040 ## - CATALOGING SOURCE | |
| Original cataloging agency | KABU |
| Transcribing agency | KABU |
| 245 14 - TITLE STATEMENT | |
| Title | The Year book of orthopedics and traumatic surgery / |
| Statement of responsibility, etc. | edited by H. Herman Young. |
| 250 ## - EDITION STATEMENT | |
| Edition statement | 1st ed. |
| 260 ## - PUBLICATION, DISTRIBUTION, ETC. (IMPRINT) | |
| Place of publication, distribution, etc. | Chicago, ILL. : |
| Name of publisher, distributor, etc. | Year Book Medical, |
| Date of publication, distribution, etc. | 1961. |
| 300 ## - PHYSICAL DESCRIPTION | |
| Extent | 440 p. |
| 650 #0 - SUBJECT ADDED ENTRY--TOPICAL TERM | |
| Topical term or geographic name as entry element | Orthopedics. |
| -- | 0000178340 |
| 650 #0 - SUBJECT ADDED ENTRY--TOPICAL TERM | |
| Topical term or geographic name as entry element | Surgery, Operative. |
| -- | 0000183274 |
| 700 1# - ADDED ENTRY--PERSONAL NAME | |
| Personal name | Young, H. Herman. |
| -- | 0000183890 |
| 852 1# - LOCATION | |
| -- | p500 KES |
| 908 ## - PUT COMMAND PARAMETER (RLIN) | |
| Put command parameter | 130425 |
| 950 ## - LOCAL HOLDINGS (RLIN) | |
| -- | 1 |
| Withdrawn status | Lost status | Source of classification or shelving scheme | Not for loan | Home library | Current library | Date acquired | Total Checkouts | Full call number | Barcode | Date last seen | Price effective from | Koha item type |
|---|---|---|---|---|---|---|---|---|---|---|---|---|
| Library of Congress Classification | Kabarak, Main Campus | Kabarak, Main Campus | 17/12/2015 | RD711 .Y43 1961 c. 1 | 015084 | 17/12/2015 | 17/12/2015 | General Collection |